| 000 | 01047cam a22002174a 4500 | ||
|---|---|---|---|
| 005 | 20250605164130.0 | ||
| 008 | 250528s ||||||||||||||||||||||||d | ||
| 035 | _a18611 | ||
| 020 | _a713474513 | ||
| 040 |
_aGR-AtMCL _bgre _dGR-AtMCL _eAACR2 |
||
| 245 | 1 | _aDesigning with Colour / How the Language of Colour Works and How to Manipulate It in Your Graphic Designs | |
| 260 |
_bAmerican Technical Society, _c1991 |
||
| 300 | _a146 | ||
| 505 | 0 | _aIntroduction, About this book, Cool, Warm, Passive, Active, Feminine, Masculine, Natural, Artificial, Exclusive, Popular, Individual, Corporate, Traditional, Modern, Classical, Romantic, Retrospective, Futuristic, Index, Credits. | |
| 520 | _aIntroduction, About this book, Cool, Warm, Passive, Active, Feminine, Masculine, Natural, Artificial, Exclusive, Popular, Individual, Corporate, Traditional, Modern, Classical, Romantic, Retrospective, Futuristic, Index, Credits. | ||
| 700 | 1 |
_aBerry Susan _94874 |
|
| 700 | 1 |
_aMartin Judy _94875 |
|
| 942 | _cBK | ||
| 999 |
_c3960 _d3960 |
||